US State Population Click Quiz - Statistics

General Stats
  • This quiz has been taken 40 times
  • The average score is 27 of 50
Answer Stats
Hint Answer % Correct
Texas d. 10 million +
83%
New York d. 10 million +
77%
Oklahoma b. 1 - 5 million
73%
California d. 10 million +
73%
Florida d. 10 million +
73%
Pennsylvania d. 10 million +
73%
West Virginia b. 1 - 5 million
70%
Wyoming a. < 1 million
67%
Arkansas b. 1 - 5 million
67%
Indiana c. 5 - 10 million
67%
Illinois d. 10 million +
67%
Iowa b. 1 - 5 million
63%
Idaho b. 1 - 5 million
63%
Hawaii b. 1 - 5 million
63%
Connecticut b. 1 - 5 million
60%
Utah b. 1 - 5 million
60%
New Mexico b. 1 - 5 million
60%
Nebraska b. 1 - 5 million
60%
New Jersey c. 5 - 10 million
60%
Nevada b. 1 - 5 million
57%
Kansas b. 1 - 5 million
57%
Montana b. 1 - 5 million
57%
Tennessee c. 5 - 10 million
57%
Alaska a. < 1 million
53%
Mississippi b. 1 - 5 million
53%
New Hampshire b. 1 - 5 million
53%
Maine b. 1 - 5 million
53%
Washington c. 5 - 10 million
53%
Massachusetts c. 5 - 10 million
53%
North Dakota a. < 1 million
50%
Vermont a. < 1 million
50%
Kentucky b. 1 - 5 million
50%
Michigan d. 10 million +
50%
Delaware a. < 1 million
47%
Colorado c. 5 - 10 million
47%
Ohio d. 10 million +
47%
South Dakota a. < 1 million
43%
Louisiana b. 1 - 5 million
43%
Arizona c. 5 - 10 million
43%
Minnesota c. 5 - 10 million
43%
Georgia d. 10 million +
43%
North Carolina d. 10 million +
43%
Rhode Island b. 1 - 5 million
40%
Virginia c. 5 - 10 million
40%
Alabama c. 5 - 10 million
40%
Missouri c. 5 - 10 million
37%
Wisconsin c. 5 - 10 million
37%
Maryland c. 5 - 10 million
33%
South Carolina c. 5 - 10 million
33%
Oregon b. 1 - 5 million
27%
No matching quizzes found
Score Distribution
Percent of People with Each Score
Percentile by Number Answered
Your Score History
You have not taken this quiz